000 00313nam a22001337a 4500
008 170511b xxu||||| |||| 00| 0 eng d
020 _a9781593458867
041 _aeng
080 _a342
100 _a15
101 _aSHJ
245 _aFEDERAL TAXATION OF PROPERTY TRANSACTIONS
_cCAMERON, D.L
942 _2udc
_cBK
999 _c13197
_d13197